000 00332 a2200157 4500
001 189975
020 _a85-08-02991-8
040 _cMagnum
100 _aJunqueira, Sonia
240 1 0 _aO peru de peruca
_lpor
245 1 0 _aO peru de peruca
362 0 _a1991
440 1 _aÁtica
697 _aLITERATURA INFANTIL
942 _cBK
999 _c189975
_d189975